| 000 | 02921nam0a2200409 4500 | ||
|---|---|---|---|
| 001 | RU\NLR\bibl\1143618 | ||
| 005 | 20260408071352.0 | ||
| 010 |
_a978-5-9282-0412-9 _9500 |
||
| 021 |
_aRU _b2007-58774 _93130 |
||
| 035 | _a(nilc)RSL-KNO-003184096 | ||
| 035 | _a(NLR Aleph) 001130456 | ||
| 090 |
_a1354575 _c1354575 |
||
| 100 | _a20070904d2007 |||y0rusy50 ca | ||
| 101 | 0 | _arus | |
| 102 | _aRU | ||
| 105 | _aa ||||||||| | ||
| 200 | 1 |
_aСтратегия развития строительного комплекса Пензенской области на 2006-2010 годы и на период до 2015 года (концепция, подходы, пути реализации) _f[к.э.н. Артамонова Ю.С., Герасимов В.Е., к.э.н. Горбунов В.Н. и др.] _gпод общ. ред. А.И. Еремкина [и др.] _gМ-во здравоохранения и науки Российской Федерации, Федеральное агентство по образованию, ГОУ ВПО "Пензенский гос. ун-т архитектуры и стр-ва" |
|
| 210 |
_aПенза _cПензенский государственный университет архитектуры и строительства _d2007 |
||
| 215 |
_a305 с. _cил. _d20 |
||
| 300 | _aАвт. указаны на обороте тит.л. | ||
| 300 | _aПензенскому гос. ун-ту архитектуры и стр-ва - 50 | ||
| 320 | _aБиблиогр.: с. 302-305 (52 назв.) | ||
| 606 | 1 |
_aСтроительная промышленность _xПланирование _yПензенская область _92493212 _3RU\NLR\auth\661479192 |
|
| 610 | 0 | _aЭкономика -- Российская Федерация -- Пензенская область -- Строительство -- Перспективный обзор | |
| 686 |
_aУ9(2Р-4П)310-047 _2rubbk |
||
| 686 | _aУ31(2)-23(2Р-4П) | ||
| 701 | 1 |
_4070 _8rus _7ca _aАртамонова _bЮ. С. _gЮлия Сергеевна _3RU\NLR\auth\7758402 _941334 |
|
| 701 | 1 |
_4070 _8rus _7ca _aГерасимов _bВ. Е. _cгос. чиновник, градостроительство _gВиктор Евгеньевич _3RU\NLR\auth\7758346 _941278 |
|
| 701 | 1 |
_4070 _8rus _7ca _aГорбунов _bВ. Н. _cканд. экон. наук, строительство _gВалерий Николаевич _3RU\NLR\auth\7758404 _941336 |
|
| 702 | 1 |
_4340 _8rus _7ca _aЕремкин _bА. И. _gАлександр Иванович _3RU\NLR\auth\7758347 _941279 |
|
| 712 | 0 | 2 |
_4570 _aПензенский государственный университет архитектуры и строительства _3RU\NLR\AUTH\8810050415 _9600974 |
| 801 | 0 |
_aRU _bРКП _c20070904 _grcr |
|
| 801 | 1 |
_aRU _bРГБ _c20070904 |
|
| 801 | 2 |
_aRU _bNLR _c20071022 _grcr |
|
| 942 | _cBOOK | ||
| 980 | _aNB | ||